| 000 | 00569nam a2200181Ia 4500 | ||
|---|---|---|---|
| 020 | _a0195092570 (pbk.) | ||
| 040 | _cWST | ||
| 082 | _a345 OXF 1995 A020 Or. | ||
| 100 | 1 | _aHaley, John Owen | |
| 245 | 1 | 0 |
_aAuthority without power : _blaw and the Japanese paradox / |
| 246 | 3 | _aLaw and the Japanese paradox | |
| 260 |
_aNew York : _bOxford University Press, _c1995, c1991 |
||
| 300 |
_ax, 258 p. : _bill. ; _c24 cm |
||
| 500 | _a"First published as an Oxford University Press Paperback, 1995"--Verso t.p | ||
| 650 | 0 | _aLaw | |
| 650 | 0 | _aSocial control | |
| 942 | _cEK | ||
| 999 |
_c12773 _d12773 |
||